Reglamento del Servicio Provincial de Extinción de Incendios : Año 1963 Año 1963
Descripción Física:
45 p. ; 17 cm
MARC
| LEADER | 00000nam a2200000Ia 4500 | ||
|---|---|---|---|
| 001 | 8228 | ||
| 008 | 160829s1963 xx 000 0 cat d | ||
| 080 | |a FU-1-37 | ||
| 110 | 1 | |a Barcelona (Catalunya : Província). |b Servicio Provincial de Extinción de Incendios |9 54956 | |
| 245 | |a Reglamento del Servicio Provincial de Extinción de Incendios : |b Año 1963 | ||
| 260 | |a Barcelona : |b Diputació, |c 1963 | ||
| 300 | |a 45 p. ; |c 17 cm | ||
| 590 | |a Abans del títol : Diputación Provincial de Barcelona. | ||
| 590 | |a Hi ha un duplicat, DUP-186-38, que prové de 2896, exp. 7 | ||
| 650 | |a Barcelona. Diputació. Servei Províncial d'Extinció d'Incendis |x Reglaments i procediment |9 48436 | ||
| 901 | |a Arxiu | ||
| 942 | |n 1 | ||
| 952 | |0 0 |1 0 |4 0 |6 FU137 |7 1 |9 54546 |a Arxiu |b Arxiu |d 2016-12-01 |l 0 |o FU-1-37 |p 8228 |r 2016-12-01 00:00:00 |w 2016-12-01 |y ARXIU | ||
| 999 | |c 58415 |d 58415 | ||